000 00424nam a2200181 i 4500
001 bgj
100 1 _aHACKS, Peter.
245 1 0 _aStücke /
_cPeter Hacks.
260 _aLeipzig :
_bVerlag Philipp Reclam,
_c1974.
300 _a249 s. ;
_c21 cm.
650 9 _aDramat niemiecki
040 _cBPK
041 0 _ager
044 _aDEU
080 _a821.112.2-2
942 _cKS
008 s gw f |000 0 ger
999 _c49993
_d49993
856 _uhttp://koha.tu.koszalin.pl/cgi-bin/koha/opac-detail.pl?biblionumber=49993
_yKatalog online BPK